01421cam a2200289 i 4500999001700000001000900017005001700026008004100043020001900084041000800103080001300111245011000124250001900234264005100253300002400304490006100328504005100389653009700440653006000537653007100597700006300668700005500731700006100786942001200847952013600859952013600995 c57987d579871859967520221122173431.0150501s2016 nyu b 001 0 eng  a9781138914049x aeng a336 F-5400aFinancial regulation in the European Union /cedited by Rainer Kattel, Jan Kregel and Mario Tonveronachi. aFirst Edition. 1aNew York :bRoutledge, Taylor & Francisc2016. a331 pages ;c24 cm.1 aRoutledge critical studies in finance and stability ;v7 aIncludes bibliographical references and index. aფინანსური რეგულაცია ევროკავშირში aმონეტარული პოლიტიკა aბანკები და საბანკო საქმე1 aKattel, Rainer,d1974-eრედაქტორი9114181 aKregel, J. A.,eრედაქტორი9114191 aTonveronachi, Mario,eრედაქტორი911420 2udccBK 00102udc406336_F5470990149aCPLbCPLcGENd2021-04-16g324.00o336 F-54p54201r2021-04-16t54201w2021-04-16yBKz324.00 GEL. 00102udc406336_F5470990150aCPLbCPLcGENd2021-04-16g324.00o336 F-54p54202r2021-04-16t54202w2021-04-16yBKz324.00 GEL.